000 004990000a22001690004500
003 MACL
005 20160224124158.0
008 160224b xxu||||| |||| 00| 0 eng d
040 _aMACL
_cMACL
041 _aHindi
082 _a800
100 _aरामकुमार वर्मा
_939951
245 _aसंत कबीर
260 _bसाहित्‍य भवन लिमिटेड
_aइलाहाबाद
_c1950
650 _aLiteracture
_939932
942 _cHIN
_k800
_2ddc
999 _c23256
_d23256